Die Rekordtransfers aller deutschen Profivereine - Statistiken

Allgemein
  • Dieses Quiz wurde 79 mal gespielt
  • Das Durchschnittsergebnis liegt bei 9 aus 53
Antwortstatistiken
Liga Verein Saison Ablöse in € Spieler % Korrekt
1. Bundesliga FC Bayern München 23/24 95 Mio. Harry Kane
100%
VfL Wolfsburg 15/16 43 Mio. Julian Draxler
75%
VfB Stuttgart 24/25 26,70 Mio. Deniz Undav
65%
RB Leipzig 23/24 40 Mio. Lois Openda
59%
Borussia Dortmund 16/17 35 Mio. Ousmane Dembele
52%
Borussia M'gladbach 18/19 23 Mio. Alassane Plea
51%
Eintracht Frankfurt 19/20 22,34 Mio. Luka Jovic
45%
1. FC Union Berlin 23/24 13 Mio. Robin Gosens
41%
FC Augsburg 21/22 16,36 Mio. Ricardo Pepi
39%
Bayer 04 Leverkusen 19/20 32 Mio. Kerem Demirbay
38%
1. FC Heidenheim 21/22; 24/25 3,5 Mio. Tim Kleindienst / Niklas Dorsch
35%
2. Bundesliga FC Schalke 04 16/17 26,5 Mio. Breel Embolo
32%
SV Werder Bremen 18/19 13,5 Mio. Davy Klaassen
31%
Hertha BSC 19/20 25 Mio. Lucas Tousart
31%
TSG 1899 Hoffenheim 24/25 18 Mio. Adam Hlozek
28%
1. FC Köln 17/18 17 Mio. Jhon Cordoba
27%
SC Freiburg 20/21 10 Mio. Baptiste Santamaria
25%
Hamburger SV 16/17 14 Mio. Filip Kostic
23%
1. FSV Mainz 05 18/19; 19/20 8 Mio. Aaron Martin / Jerry St. Juste / Jean-Philippe Mateta
20%
SSV Ulm 1846 00/01 700 Tsd. Vragel da Silva
13%
Fortuna Düsseldorf 19/20 6,75 Mio. Dawid Kownacki
11%
Hannover 96 17/18 9 Mio. Jonathas
10%
SG Dynamo Dresden 17/18 2,16 Mio. Moussa Kone
8%
SC Paderborn 11/12; 15/16 1 Mio. Nick Proschwitz / Kevin Stöger
6%
Holstein Kiel 24/25 1,8 Mio. Armin Gigovic
4%
Erzgebirge Aue 16/17 800 Tsd. Pascal Köpke
4%
Karlsruher SC 94/95 3,7 Mio. Thomas Häßler
4%
SV Darmstadt 98 23/24 2,3 Mio. Christoph Klarer
3%
VfL Bochum 96/97; 04/05 1,5 Mio. Georgi Donkov / Tommy Bechmann
3%
SpVgg Greuther Fürth 22/23 1,5 Mio. Jessic Ngankam
3%
1. FC Kaiserslautern 01/02 4 Mio. Lincoln
3%
1. FC Magdeburg 24/25 800 Tsd. Martijn Kaars
3%
TSV 1860 München 16/17 3 Mio. Stefan Aigner
3%
FC Viktoria Köln 20/21 275 Tsd. Timmy Thiele
3%
SC Verl 22/23 100 Tsd. Tom Baack
3%
SV Elversberg 24/25 400 Tsd. Tom Zimmerschied
3%
Preußen Münster 24/25 150 Tsd. Torge Paetow
3%
1. FC Nürnberg 18/19 3 Mio. Virgil Misidjan
3%
1. FC Saarbrücken 88/89 400 Tsd. Adrian Spyrka
1%
SV Wehen Wiesbaden 20/21 300 Tsd. Benedict Hollerbach
1%
SV Sandhausen 21/22 100 Tsd. Chima Okoroji
1%
DSC Arminia Bielefeld 08/09 2 Mio. Christopher Katongo
1%
SSV Jahn Regensburg 21/22 425 Tsd. Joel Zwarts
1%
3. Liga FC Ingolstadt 04 16/17 3,5 Mio. Marcel Tisserand
1%
SpVgg Unterhaching 00/01 780 Tsd. Martin Cizek
1%
Alemannia Aachen 06/07 900 Tsd. Matthias Lehmann
1%
Rot-Weiss Essen 04/05 670 Tsd. Peter Foldgast
1%
Hansa Rostock 02/03 2,2 Mio. Rade Prica
1%
Energie Cottbus 01/02 1,4 Mio. Radoslaw Kaluzny
1%
VfL Osnabrück 12/13 200 Tsd. Sebastian Neumann
1%
Eintracht Braunschweig 16/17 975 Tsd. Suleiman Abdullahi
1%
FC St. Pauli 01/02 1,38 Mio. Ugur Inceman
1%
SV Waldhof Mannheim 88/89 400 Tsd. Uwe Freiler
1%
Keine übereinstimmenden Quizze gefunden
Verteilung der Resultate
Anzahl Personen mit jedem Resultat
Perzentil nach korrekt beantworteten Fragen
Ihre Resultats-Entwicklung
Sie haben dieses Quiz noch nicht gespielt